La metodologia de los programas de investigación científica

Gardado en:
Detalles Bibliográficos
Autor Principal: Lakatos, Imre (Author)
Formato: Libro
Idioma:Lingua castelá
Publicado: Madrid Alianza 1993
Series:Alianza Universidad, 349
Subjects:
Tags: Engadir etiqueta
Sen Etiquetas, Sexa o primeiro en etiquetar este rexistro!

MARC

LEADER 00000nam a2200000 a 4500
001 UCX7760
003 CL-VaPUC
008 931229e19930000SP |||||||||||||||||spa|d
082 0 4 |a 501  |b LAK  |2 21 
100 |a Lakatos, Imre  |e author  |9 571317 
245 1 3 |a La metodologia de los programas de investigación científica 
300 |a 315 p 
942 |c BK 
945 |d 19931229 00:00:00  |a mfernand 
260 |a Madrid  |b Alianza  |c 1993 
650 0 |a Investigación científica  |9 259857 
650 0 |a Métodos de investigación   |9 262618 
583 |a last modification  |c 20171122 01:00:47  |k Rodrigo Vera 
490 0 |a Alianza Universidad, 349 
999 |c 227488  |d 227486 
952 |0 0  |1 0  |4 0  |6 501_000000000000000_LAK_1993  |7 0  |8 A  |9 226557  |a BIBEDU  |b BIBEDU  |d 2019-11-15  |h v.1  |i 3424359  |o 501 LAK 1993  |p 3424359  |r 2019-11-15  |w 2019-11-15  |y BK  |k BME